000 01076naa a2200289 c 4500
001 49413
999 _c49413
_d49413
003 ES-MaCES
005 20170516110330.0
008 170516s2017 sp ||||| t||||||| ||spa d
040 _aES-MaCES
_bspa
_cES-MaCES
_dES-MaCES
100 1 _938203
_aPozo Sen, Alberto del
245 1 3 _aLa estrategia Europa 2020 en España
_b: el fracaso del empleo
_cAlberto del Pozo Sen, Borja Suárez Corujo
500 _aResumen
504 _aBibliografía: p. 96-98
650 4 _928300
_apolítica de empleo
650 4 _928292
_amercado de trabajo
650 4 _930270
_afomento del empleo
650 4 _929242
_acreación de empleos
650 4 _928308
_adesempleo
650 4 _928205
_aplanificación de programas
650 4 _930406
_aplan de acción
653 1 0 _aEmpleo
700 1 _924526
_aSuárez Corujo, Borja
773 0 _985952
_dValladolid (Avda. Reyes Católicos, 11, 47008) Lex nova
_o088850
_tInformación laboral
_w(ES-MaCES)25782
_gn. 2 (2017) {55/796 R. 088850} ;p. 65-98
902 _aART Artículo de revista
942 _2CES
_cAR
_h2.0.